| 000 | 00696cab a2200205 4500 | ||
|---|---|---|---|
| 001 | ABS46407 | ||
| 008 | 090401t1992 xxu||||| |||| 00| 0 eng d | ||
| 035 | _a(Sirsi) u58082 | ||
| 041 | _aeng | ||
| 100 | _aWalker, D. | ||
| 245 | _aScots tenants take the low road in rent | ||
| 260 | _c1992 | ||
| 350 | _a0 | ||
| 490 |
_aMunicipal Journal _v(21) 22 May 1992, 22(1) |
||
| 520 | _aThough rents continue to be set above the rate of inflation, a Scottish Office housing survey reveals that average levels are lower than their equivalents in England. Projected regional figures for Scotland are given. | ||
| 650 | _aCOUNCIL HOUSING | ||
| 690 | _aHOUSING | ||
| 942 | _n0 | ||
| 948 | _c04/03/1997 | ||
| 999 |
_c35434 _d35434 |
||